Instrumenty muzyczne według obrazka #2 - Statystyki

Ogólne statystyki
  • Ten quiz został rozwiązany 1 623 razy
  • Średni wynik to 9 z 20
Statystyki odpowiedzi
Obrazkowy Odpowiedź % Poprawnych
Flet
99%
Organy
94%
Trójkąt
94%
Talerze perkusyjne
90%
Trąbka sygnałowa
88%
Wiolonczela
85%
Bębenek baskijski
72%
Flet prosty
48%
Lira
44%
Fagot
33%
Kazoo
30%
Kastaniety
29%
Bęben {mały}
22%
Okaryna
22%
Bongosy
21%
Marimba
19%
Cytra
16%
Didgeridoo
11%
Lira korbowa
10%
Serpent
5%
Nie znaleziono quizów pasujących do podanych kryteriów
Rozkład punktacji
Procent ludzi z każdym wynikiem
Percentyl według liczby udzielonych odpowiedzi
Twoja historia wyników
Nie rozwiązałeś tego quizu